000 00528nam a2200217Ia 4500
003 LK-CoDNM
005 20240926103654.0
008 010623t1912 xxu||||| |||| 00| 1 eng d
040 _aLK-CoDNM
_dLK-CoDNM
_eLK-CoDNM
041 _aeng
080 _a24
_bD7
100 _aDenham,E.B.
245 _aCeylon at the Census of 1911
260 _bH.C.Cottle
_aColombo
_c1912
300 _bviii, 538p. : ill , map ; 24 cm
650 _aMaldive
650 _aOccupation
650 _aReligion
650 _aVeddas
942 _cBK
999 _c87525
_d87525